000 00576cab a2200241 4500
001 ABS60266
008 090401t1999 xxu||||| |||| 00| 0 eng d
035 _a(Sirsi) u92234
041 _aeng
100 _aBovis, C.
245 _aWhat does `best value` mean?
260 _c1999
350 _a0
490 _aBuilding
_v264(8078) 12 March 1999, 75(1)
650 _aBEST VALUE
650 _aCCT
650 _aLOCAL AUTHORITIES
650 _aPUBLIC SERVICES
650 _aTENDERING PROCEDURES
690 _aBUILT ENVIRONMENT
942 _n0
948 _c19/03/1999
999 _c58482
_d58482